00727nam a2200169Ia 4500008004100000020001800041041000800059082001800067100002200085245020400107250000600311260003900317300001300356650003600369999001900405952013300424210716s2018 xx 000 0 und d a9781787120556 aeng a621.3821 MAIL aMaioli, Lisandra. aFixing bad UX designs: master proven approaches tools and techniques to make your user experience great again.bMaster proven approaches tools and techniques to make your user experience great again. a1 aMumbaibPackt Publishing Ltdc2018 aviii,329 aCommunication Network(621.3821) c196573d196573 001040708MCAaAIMITbAIMITeKnowledge Worldg1099.00l0o621.3821 MAILpMCA16088r2025-07-21 00:00:00v824.25w2021-07-16yBK